Guess TWICE's member through their own color, birthday and emoji - Statistics

General Stats
  • This quiz has been taken 33 times
    32 since last reset
  • The average score is 20 of 27
Answer Stats
Hint Answer % Correct
Color TWICE Chaeyoung
91%
Color TWICE Momo
91%
Color TWICE Sana
91%
Color TWICE Tzuyu
91%
Color TWICE Dahyun
87%
Color TWICE Jihyo
87%
Color TWICE Mina
87%
Color TWICE Nayeon
87%
Color TWICE Jeongyeon
83%
Emoji 🐧 Mina
83%
Emoji 🍓 Chaeyoung
78%
Emoji 🍑 Momo
78%
Emoji 🐰 Nayeon
78%
Emoji 🤍 Dahyun
74%
Emoji 🐶 Jeongyeon
74%
Emoji 🦄 Jihyo
74%
Emoji 🐹 Sana
74%
Emoji 🦌 Tzuyu
74%
Birthday 22/9/1995 Nayeon
65%
Birthday 1/11/1996 Jeongyeon
57%
Birthday 29/12/1996 Sana
57%
Birthday 23/4/1999 Chaeyoung
52%
Birthday 1/2/1997 Jihyo
52%
Birthday 24/3/1997 Mina
52%
Birthday 9/11/1996 Momo
52%
Birthday 28/5/1998 Dahyun
48%
Birthday 14/6/1999 Tzuyu
48%
No matching quizzes found
Score Distribution
Percent of People with Each Score
Percentile by Number Answered
Your Score History
You have not taken this quiz since the last reset